00936nam a2200253 i 4500001000700000003000700007005001700014008004100031020001800072080001900090080001800109100002300127245011300150260004300263300005400306490002500360600002300385700002500408700002400433830003000457852005300487999001900540952012300559185736SpMaBN20250808040859.0160804s1987 sp afo |||| |aspa d a84-206-7061-8 a929 Klee, Paul a75 Klee, Paul1 aKlee, Paul.96819010aDiarios, 1898-1918 / cPaul Klee ; edición y prólogo de Felix Klee ; versión española de Jas Reuter. aMadrid : bAlianza Editorial, c[1987] a322 p., [16] p. de lám. fot. : bil. ; c23 cm.1 aAlianza forma ; v6117aKlee, Paul.9681901 aKlee, Felix.91603401 aReuter, Jas.99638100aAlianza formav619177869 aES-MaACLjL-30518 z. - Donat. Miguel A. Velasco c185736d185736 00104070aATENEOMbATENEOMcDEPO2d2016-08-04eDONl0oL-30518p1195789r2023-02-23 00:00:00w2023-02-23yMONOGRAFIA